Exekučný poriadok. 3

Tretia časť zákona NR SR č. 223/1995 Z.z. o súdnych exekútoroch a exekučnej činnosti. Spôsoby vykonávania exekúcie (pokračovanie). Ďalšia činnosť exekútora. Odmena súdneho exekútora. Trovy exekúcie. Manipulácia so spismi a ich úschova. Samospráva súdnych exekútorov. Disciplinárna zodpovednosť súdneh...

Description complète

Enregistré dans:
Détails bibliographiques
Format: Chapitre de livre
Langue:slovaque
Sujets:
Tags: Ajouter un tag
Pas de tags, Soyez le premier à ajouter un tag!

MARC

LEADER 00000naa a2200000 4500
001 r020522
005 20230921074232.0
041 0 |a slo 
044 |a SK 
245 1 0 |a Exekučný poriadok. 3 
520 |a Tretia časť zákona NR SR č. 223/1995 Z.z. o súdnych exekútoroch a exekučnej činnosti. Spôsoby vykonávania exekúcie (pokračovanie). Ďalšia činnosť exekútora. Odmena súdneho exekútora. Trovy exekúcie. Manipulácia so spismi a ich úschova. Samospráva súdnych exekútorov. Disciplinárna zodpovednosť súdneho exekútora. Prechodné a záverečné ustanovenia. 
610 2 0 |a Slovensko 
610 2 0 |a zákony 
610 2 0 |a 1995 
610 2 0 |a exekúcia 
610 2 0 |a konanie súdne občianske 
610 2 0 |a exekútori